00801nam a2200205Ia 4500001002200000003000900022008004100031040002300072041001300095100002500108240008700133245007300220250001500293260002700308300001900335490004600354501012400400520003300524700003800557230-PAN wo te (13808)IT-MiSPE171229s9999||||xx |||||||||||||| ||und|| aIT-MiSPEcIT-MiSPE aITALIANO aWolfhart Pannenberg  aTheologie und Philosophie: Ihr Verhältnis im Lichte ihrer gemeinsamen Geschichte 0aTeologia e filosofiabIl loro rapporto alla luce della storia comune a1a ed. (v) aBresciabPaideiac1999 a349 p. c23 cm aBiblioteca di teologia contemporaneav104 aEdizioni San Paolo srl - Piazza Soncino, 5 - 20092 CINISELLO BALSAMO (MI) (non commercial uses only) ® Copyright 2018 aGiuliano Sansonetti (postf.) aGiuliano Sansonettig(traduzione)